000 00361 a2200157 4500
001 57337
020 _a8508043228
040 _cAnchieta - Pituba
100 _aRey, Marcos
240 1 0 _aO último mamífero do Martinelli
_lpor
245 1 0 _aO último mamífero do Martinelli
300 _a94
362 0 _a2005
650 4 _aLiteratura juvenil
942 _cBK
999 _c57337
_d57337